00680nam a22002171 45000010005000000030008000050050017000130080039000300350018000690400032000870410008001190820026001271000021001532450101001742600052002753000031003274900030003585040037003886500019004256500018004448341BD-RjUL20211208234553.0140118s1965 nyua b 001 0 eng a(BD-RjUL)8386 aDLCcDLCdDLCdBD-RjULbeng aeng00a629.4110151bAHM 19651 aAhrendt, Myrl H.14aThe mathematics of space exploration /cMyrl H. Ahrendt. Coordinating editor: James V. Bernardo. aNew York :bHolt, Rinehart and Winston ,cc1965 a160 p. :billus. ;c20 cm.0 a[Holt library of science] aBibliography: p. 157. and index. 0aAstrodynamics. 0aSpace flight.